[Event "FISU World University"]
[Site "Tornelo INT"]
[Date "2020.10.28"]
[Round "7.37"]
[White "Hansamali, HM Samudrika"]
[Black "Castro Richard, Ixel"]
[Result "0-1"]
[WhiteElo "1181"]
[BlackElo "1216"]
[PlyCount "66"]
[EventDate "2020.10.26"]
[EventType "team-swiss (rapid)"]
[EventRounds "9"]
[EventCountry "NET"]
[SourceTitle "CBM 199 Extra"]
[Source "ChessBase"]
[SourceDate "2021.01.31"]
[SourceVersion "1"]
[SourceVersionDate "2021.01.31"]
[SourceQuality "1"]
[WhiteTeam "Sri Lanka V"]
[BlackTeam "Costa Rica III"]
[WhiteTeamCountry "SRI"]
[BlackTeamCountry "CRI"]

1. d4 d5 2. c4 e6 3. Nc3 Bb4 4. Qc2 Nf6 5. cxd5 exd5 6. Bg5 0-0 7. e3 Be6 8. Bd3 Nbd7 9. Nf3 c6 10. 0-0 Qc7 11. Bf4 Bd6 12. Bxd6 Qxd6 13. Rac1 Bg4 14. Be2 Rfe8 15. h3 Bh5 16. Na4 Ne4 17. Nc5 Ndxc5 18. dxc5 Qd7 19. Rfd1 Qc7 20. b4 Rad8 21. Nd4 Bg6 22. Qb3 Qe5 23. Nf3 Qf6 24. a4 Qe7 25. Nd4 Qg5 26. Nf3 Qf6 27. Qa3 Ng5 28. Nxg5 Qxg5 29. Bf3 Bf5 30. Kh1 Re6 31. b5 Rh6 32. Rg1 Bxh3 33. Kh2 Bxg2+ 0-1